00352nam a2200133Ia 4500008004100000020001500041041001200056082001600068100001400084245006600098260003800164300000900202650000700211221030s9999 xx 000 0 und d a8174090398 aEnglish a105.23bPra aR. Prasad 0aElecrrical Measurements & Measuring Instrumentscby R. Prasad bKhanna book Pub.aNew Delhic2001 a1028 aEE